| 000 | 00748nam a22002297a 4500 | ||
|---|---|---|---|
| 005 | 20251108164122.0 | ||
| 008 | 250721s1994 xx 000 0 ara d | ||
| 082 | 1 | 4 | _aم/903/خون |
| 100 | 1 | _aالخواند، مسعود | |
| 245 | 1 | 0 |
_aالموسوعة التاريخية الجغرافية : _bالقارات - المناطق - البلدان - معالم - وثائق - موضوعات - زعماء / |
| 264 | 1 |
_aبيروت : _bدار رواد النهضة، _c1994. |
|
| 300 | _aج 1-15 | ||
| 650 | 1 | 7 | _aالتاريخ |
| 650 | 1 | 7 | _aالجغرافيا |
| 650 | 1 | 7 | _aالقارات |
| 650 | 1 | 7 | _aالتراجم |
| 650 | 1 | 7 | _aآسيا |
| 650 | 1 | 7 | _aإفريقيا |
| 650 | 1 | 7 | _aأستراليا |
| 942 |
_2ddc _cREF |
||
| 999 |
_c4107 _d4107 |
||